WWE Royal Rumble first four entrants - Statistics

General Stats
  • This quiz has been taken 32 times
    20 since last reset
  • The average score is 107 of 176
Answer Stats
Hint Answer % Correct
AJ Styles
100%
2020 Men’s Brock Lesnar
100%
Cody Rhodes
100%
2021 Men’s Edge
100%
Finn Balor
100%
Rey Mysterio
100%
2016 Roman Reigns
100%
2021 Women’s Bayley
92%
Becky Lynch
92%
2004 Chris Benoit
92%
Chris Jericho
92%
CM Punk
92%
2010 | 2013 Dolph Ziggler
92%
2023 Men’s Gunther
92%
2001 Jeff Hardy
92%
2024 Men’s Jey Uso
92%
Jimmy Uso
92%
John Morrison
92%
Matt Hardy
92%
Randy Orton
92%
Ric Flair
92%
Seth Rollins
92%
1995 | 2003 Shawn Michaels
92%
Sheamus
92%
Shinsuke Nakamura
92%
1999 Steve Austin
92%
| 2012 | 2015 The Miz
92%
The Rock
92%
1996 | 2006 Triple H
92%
2008 Undertaker
92%
Austin Theory
83%
1988 | 1991 Bret Hart
83%
Bubba Ray Dudley
83%
Christian
83%
Daniel Bryan
83%
2019 Men’s Elias
83%
Kurt Angle
83%
MVP
83%
2023 Women’s Rhea Ripley
83%
Rusev
83%
2018 Women’s | 2022 Women’s Sasha Banks
83%
Vince McMahon
83%
Bianca Belair
75%
Erick Rowan
75%
Jeff Jarrett
75%
Justin Gabriel
75%
Kofi Kingston
75%
Liv Morgan
75%
Naomi
75%
Natalya
75%
2002 Rikishi
75%
R-Truth
75%
Sami Zayn
75%
1990 Ted Dibiase
75%
2020 Women’s Alexa Bliss
67%
Baron Corbin
67%
2005 Eddie Guerrero
67%
Evan Bourne
67%
Finlay
67%
Grayson Waller
67%
Great Khali
67%
Santino Marella
67%
Andre the Giant
58%
1998 Cactus Jack
58%
Hardcore Holly
58%
Melina
58%
Molly Holly
58%
Rhyno
58%
Zack Ryder
58%
Ahmed Johnson
50%
Alex Riley
50%
Andrade
50%
1992 British Bulldog
50%
Carlito
50%
Goldust
50%
Jim Neidhart
50%
Mandy Rose
50%
Mark Henry
50%
Robert Roode
50%
Tyler Breeze
50%
1989 Ax
42%
2017 Big Cass
42%
Damien Sandow
42%
Faarooq
42%
JTG
42%
Mr. Perfect
42%
Nikki Cross
42%
Rick Steiner
42%
1994 Scott Steiner
42%
Simon Dean
42%
Smash
42%
Big Boss Man
33%
Chainsaw Charlie
33%
1997 Crush
33%
Jake Roberts
33%
Jerry Lawler
33%
Kelly Kelly
33%
2019 Women’s Lacey Evans
33%
Luke Harper
33%
Mustafa Ali
33%
Sarah Logan
33%
Tajiri
33%
Tito Santana
33%
Bradshaw
25%
Daniel Puder
25%
2000 D’Lo Brown
25%
Fake Razor Ramon
25%
Grandmaster Sexay
25%
Kalisto
25%
Mojo Rawley
25%
Tamina Snuka
25%
Bob Backlund
17%
Candice LeRae
17%
Christopher Nowinski
17%
Dana Brooke
17%
Eli Blu
17%
Emma
17%
Greg Valentine
17%
Jerry Sags
17%
Kenny Dykstra
17%
Marty Jannetty
17%
Mosh
17%
Paul Roma
17%
Tom Brandi
17%
Billie Kay
8%
Bull Buchanan
8%
Butch Reed
8%
Dino Bravo
8%
Golga
8%
Henry Godwinn
8%
Koko B Ware
8%
Kwang
8%
Papa Shango
8%
Phineas Godwinn
8%
Psicosis
8%
Samu
8%
Droz
0%
Duke Droese
0%
No matching quizzes found
Score Distribution
Percent of People with Each Score
Percentile by Number Answered
Your Score History
You have not taken this quiz since the last reset